00480nam a2200193Ia 4500003000400000005001700004008004100021020001500062040000700077041000800084082002200092100002500114245003300139260003800172300001200210365001300222650002900235650002200264OSt20230411155922.0210423s2005 xx 000 0 und d a8131505111 cAL aeng a323.46 223bBOUD aBOUCHOUX (Deborah E) aIntellectual property rights aNew DelhibCengage Learningc2005 a355bPB b325cINR aCivil & Political Rights aPolitical Science